00333nam a2200145Ia 45000030006000000080041000060400015000471000017000622450030000792500006001092600037001153000006001525460012001580050017001700STCL150530s9999 xx 000 0 und d aSTCLcSTCL aThomas Hardy 4aThe Mayor of Casterbridge a1 bRupa; New Delhic2010aNew Delhi a0 aEnglish20220125171019.0